<?xml version="1.0" encoding="UTF-8"?>
<record
    xmlns:xsi="http://www.w3.org/2001/XMLSchema-instance"
    xsi:schemaLocation="http://www.loc.gov/MARC21/slim http://www.loc.gov/standards/marcxml/schema/MARC21slim.xsd"
    xmlns="http://www.loc.gov/MARC21/slim">

  <leader>02008nam a22002897a 4500</leader>
  <controlfield tag="003">DO-SdBNP</controlfield>
  <controlfield tag="005">20210428114600.0</controlfield>
  <controlfield tag="008">171110b    2005 dr  00| 0 spa d</controlfield>
  <datafield tag="020" ind1=" " ind2=" ">
    <subfield code="a">9993439312</subfield>
  </datafield>
  <datafield tag="040" ind1=" " ind2=" ">
    <subfield code="a">BPMSU</subfield>
    <subfield code="b">spa</subfield>
    <subfield code="c">BPMSU</subfield>
  </datafield>
  <datafield tag="082" ind1=" " ind2=" ">
    <subfield code="a">RD860.9 </subfield>
    <subfield code="b"> E53e</subfield>
    <subfield code="2">22</subfield>
  </datafield>
  <datafield tag="100" ind1="1" ind2=" ">
    <subfield code="a">Emeterio Rond&#xF3;n, Pura</subfield>
  </datafield>
  <datafield tag="245" ind1="1" ind2="0">
    <subfield code="a">Estudios cr&#xED;ticos de la literatura dominicana contempor&#xE1;nea /</subfield>
    <subfield code="c">Pura Emeterio Rond&#xF3;n ; pr&#xF3;logo Bruno Rosario Candelier</subfield>
  </datafield>
  <datafield tag="260" ind1=" " ind2=" ">
    <subfield code="a">Santo Domingo :</subfield>
    <subfield code="b">Librer&#xED;a la Trinitaria, </subfield>
    <subfield code="c">2005.</subfield>
  </datafield>
  <datafield tag="300" ind1=" " ind2=" ">
    <subfield code="a">225 p. ;</subfield>
    <subfield code="c">23 cm.</subfield>
  </datafield>
  <datafield tag="500" ind1=" " ind2=" ">
    <subfield code="a">Incluye datos biogr&#xE1;ficos del autor en las solapas.</subfield>
  </datafield>
  <datafield tag="504" ind1=" " ind2=" ">
    <subfield code="a">Bibliograf&#xED;a : p. 225</subfield>
  </datafield>
  <datafield tag="505" ind1=" " ind2=" ">
    <subfield code="a">Pr&#xF3;logo -- Presentaci&#xF3;n -- El sentido de la identidad en Salom&#xE9; Ure&#xF1;a -- Para otra lectura de El Masacre  -- Trujillo : ficci&#xF3;n hist&#xF3;rica y realidad literaria de un mito -- S&#xF3;lo cenizas hallar&#xE1;s : otra vez la ficci&#xF3;n, otra vez la historia -- A prop&#xF3;sito de tiempo muerto -- La perspectiva &#xE9;tica en el sue&#xF1;o era cipango 65 -- Pasi&#xF3;n e historia en la narrativa de Pedro Mir 75 -- Pedro Mir : sus viajes y cantos 81 -- Manuel del Cabral : &#xFA;nico y diverso 85 -- Ret&#xF3;rica de la oralidad en la po&#xE9;tica de Domingo Moreno Jimenes 95 -- Pedro Mir y Manuel del Cabral en los sonidos y las letras 115 -- &#xBF;De qu&#xE9; color es la literatura dominicana? -- Metaf&#xED;sica y belleza en 14 mudos de amor -- La rosa y otras riquezas literarias de Franklin Mieses Burgos -- Or&#xED;genes y revelaciones en la po&#xE9;tica de Jos&#xE9; Enrique Garc&#xED;a -- Los enigmas de Hilma Contreras -- La dimensi&#xF3;n m&#xED;tica de la literatura caribe&#xF1;a : Rep&#xFA;blica Dominicana y Hait&#xED; -- Los estudios de la literatura caribe&#xF1;a en la actualidad -- Hacia el reconocimiento de un discurso caribe&#xF1;o.</subfield>
  </datafield>
  <datafield tag="590" ind1=" " ind2=" ">
    <subfield code="6">Inventariado, 2021/VM</subfield>
  </datafield>
  <datafield tag="650" ind1=" " ind2="4">
    <subfield code="a">Literatura dominicana</subfield>
    <subfield code="x">Historia y cr&#xED;tica.</subfield>
    <subfield code="y">Siglo XX</subfield>
  </datafield>
  <datafield tag="650" ind1=" " ind2="4">
    <subfield code="a">Cr&#xED;tica literaria.</subfield>
  </datafield>
  <datafield tag="650" ind1=" " ind2="4">
    <subfield code="a">Literatura dominicana </subfield>
  </datafield>
  <datafield tag="700" ind1="1" ind2=" ">
    <subfield code="a">Rosario Candelier, Bruno,</subfield>
    <subfield code="e">pr&#xF3;l.</subfield>
  </datafield>
  <datafield tag="910" ind1=" " ind2=" ">
    <subfield code="a">VMateo</subfield>
  </datafield>
  <datafield tag="942" ind1=" " ind2=" ">
    <subfield code="2">ddc</subfield>
    <subfield code="c">BK</subfield>
  </datafield>
  <datafield tag="945" ind1=" " ind2=" ">
    <subfield code="a"> </subfield>
  </datafield>
  <datafield tag="952" ind1=" " ind2=" ">
    <subfield code="0">0</subfield>
    <subfield code="1">0</subfield>
    <subfield code="2">ddc</subfield>
    <subfield code="4">0</subfield>
    <subfield code="7">0</subfield>
    <subfield code="8">CD</subfield>
    <subfield code="a">BPMET</subfield>
    <subfield code="b">BPMET</subfield>
    <subfield code="d">2017-11-10</subfield>
    <subfield code="e">Compra</subfield>
    <subfield code="l">0</subfield>
    <subfield code="o">BPMSU CD RD860.9 E53e 2005</subfield>
    <subfield code="p">BPMSU17110154</subfield>
    <subfield code="r">2017-11-10</subfield>
    <subfield code="w">2017-11-10</subfield>
    <subfield code="y">BK</subfield>
  </datafield>
  <datafield tag="952" ind1=" " ind2=" ">
    <subfield code="0">0</subfield>
    <subfield code="1">0</subfield>
    <subfield code="2">ddc</subfield>
    <subfield code="4">0</subfield>
    <subfield code="7">0</subfield>
    <subfield code="8">CD</subfield>
    <subfield code="a">BPMET</subfield>
    <subfield code="b">BPMET</subfield>
    <subfield code="d">2021-03-16</subfield>
    <subfield code="e">Compra</subfield>
    <subfield code="l">0</subfield>
    <subfield code="o">BPMSU CD RD860.9 E53e 2005</subfield>
    <subfield code="p">BPMSU21030034</subfield>
    <subfield code="r">2021-03-16</subfield>
    <subfield code="t">e.2</subfield>
    <subfield code="w">2021-03-16</subfield>
    <subfield code="y">BK</subfield>
  </datafield>
  <datafield tag="952" ind1=" " ind2=" ">
    <subfield code="0">0</subfield>
    <subfield code="1">0</subfield>
    <subfield code="2">ddc</subfield>
    <subfield code="4">0</subfield>
    <subfield code="7">0</subfield>
    <subfield code="8">CD</subfield>
    <subfield code="a">BPMET</subfield>
    <subfield code="b">BPMET</subfield>
    <subfield code="d">2021-03-16</subfield>
    <subfield code="e">Compra</subfield>
    <subfield code="o"> BPMSU CD RD860.9 E53e 2005</subfield>
    <subfield code="p">BPMSU21030035</subfield>
    <subfield code="r">2021-03-16</subfield>
    <subfield code="t">e.3</subfield>
    <subfield code="w">2021-03-16</subfield>
    <subfield code="y">BK</subfield>
  </datafield>
  <datafield tag="999" ind1=" " ind2=" ">
    <subfield code="c">12850</subfield>
    <subfield code="d">12850</subfield>
  </datafield>
</record>
